00446nam a2200145 a 45000010005000000030005000050050017000100080041000270200015000680400026000831000036001092450082001452600040002274900033002672701CDMR20130315134126.0130130s1997||||||||||||||||||||||||||||d a8489727481 aCDMRbcatcCPC LLEIDA1 aBalsells Bailon, Maria Àngels10aMaltractament intantil i educació familiarcM. Àngels Balsells i Bailón aLleidac1997bUniversitat de Lleida0 aEducació i Món actualv6